Представление документа в формате MARC21

Поле Инд. ПП Название Значение
Тип записи a
Библиографический уровень b
001 Контрольный номер 465e0943a0b3453fbf7699d297abae07
005 Дата корректировки 20200626085631.3
008 Кодируемые данные 20170331
040 b Код языка каталог. rus
e Правила каталог. PSBO
041 0_ a Код языка текста rus
084 a Индекс другой классификации/Индекс ББК 67.518.4; 67.911.15; 66.4,304
100 1_ a Автор Мондохонов А. Н.
245 10 a Заглавие Криминализация деятельности запрещенных организаций
520 0_ a Аннотация В статье анализируются особенности уголовно-правовых норм, предусматривающих ответственность за организацию деятельности экстремистской и террористической организаций. Выделяется принципиальное различие между данными организациями, заключающееся в том, что деятельность экстремистской организации не всегда является криминальной, в то время как деятельность террористической организации носит исключительно преступный характер. Экстремистскую деятельность составляют как преступления, так и правонарушения, что позволяет констатировать факт криминализации создания, руководства и участия в объединении либо организации, совершающих административные правонарушения. Системный анализ исследуемых уголовно-правовых норм позволил сделать вывод, что судебное решение о ликвидации или запрете деятельности общественного или религиозного объединения необходимо только при совершении административных правонарушений экстремистской направленности. В случае совместного совершения участниками объединения преступлений экстремистской направленности их деяния подлежат уголовно-правовой оценке по признакам экстремистского сообщества. Кроме того, аргументируется точка зрения о необходимости криминализации «брендов» преступных организаций с целью предупреждения и профилактики преступной деятельности. Поэтому предлагается ввести в главу о преступлениях против основ конституционного строя и безопасности государства норму, предусматривающую ответственность за организацию деятельности экстремистской, террористической и преступной организаций
650 14 a Основная рубрика право; криминология; международное право; международное публичное право; политика; внешняя политика
653 0_ a Ключевые слова безопасность государства
a Ключевые слова борьба с организованной преступностью
a Ключевые слова борьба с преступностью
a Ключевые слова борьба с терроризмом
a Ключевые слова борьба с экстремизмом
a Ключевые слова международная борьба с преступностью
a Ключевые слова международное уголовное право
a Ключевые слова организованная преступность
a Ключевые слова предупреждение преступности
a Ключевые слова преступления против конституционного строя
a Ключевые слова преступные организации
a Ключевые слова террористические организации
a Ключевые слова уголовно-правовые нормы
a Ключевые слова формы соучастия
a Ключевые слова экстремизм
a Ключевые слова экстремистская деятельность
a Ключевые слова экстремистские организации
773 08 t Заглавие источника Российская юстиция
d Дата издания источника 2020
g Прочая информация № 3. - С. 50 - 53
w Контрольный № источника e7466aa06b2540358281e2135db0f8ff
901 t Тип документа b